[Event "Challenge"]
[Site "http://www.queenalice.com/game.php?id=48214"]
[Date "2006.1.17"]
[Round "-"]
[White "Fibe"]
[Black "TLT"]
[Result "0-1"]
[WhiteElo "1346"]
[BlackElo "1207"]

1. e4 c5 2. Nf3 e6 3. d4 cxd4 4. Nxd4 Nf6 5. Nc3 d6 6. Be3 Bd7 7. Bc4 Be7 8. O-O
O-O 9. Qd2 a6 10. f4 b5 11. Bb3 Nc6 12. a3 e5 13. fxe5 dxe5 14. Nf5 Bxf5 15.
Rxf5 Ng4 16. Raf1 Nxe3 17. Qxe3 Bf6 18. Nd5 Nd4 19. Nxf6+ gxf6 20. Rh5 Qb6 21.
Kh1 f5 22. Qg3+ Kh8 23. Qxe5+ f6 24. Qg3 Nxb3 25. Rxh7+ Kxh7 26. Rf4 Qe3 27.
Qxe3 Rad8 0-1

[Event "Challenge"]
[Site "http://www.queenalice.com/game.php?id=48256"]
[Date "2006.1.17"]
[Round "-"]
[White "lester"]
[Black "Fibe"]
[Result "1-0"]
[WhiteElo "1300"]
[BlackElo "1100"]

1. e4 e5 2. Nf3 Nf6 3. Nc3 Nc6 4. Be2 Bc5 5. d3 d6 6. O-O h6 7. a3 a5 8. Na4 Nd4
9. Nxc5 dxc5 10. Nxe5 O-O 11. Bg4 Re8 12. Bxc8 Qxc8 13. Nf3 1-0

[Event "AUTO-OPEN-207"]
[Site "http://www.queenalice.com/game.php?id=48488"]
[Date "2006.1.18"]
[Round "1"]
[White "Fibe"]
[Black "razoman"]
[Result "0-1"]
[WhiteElo "1286"]
[BlackElo "1902"]

1. d4 Nf6 2. c4 e6 3. Nc3 c5 4. d5 d6 5. e4 e5 6. Bd3 Be7 7. h3 O-O 8. Nf3 Nbd7
9. O-O Re8 10. a3 Nf8 11. Bg5 Ng6 12. Re1 h6 13. Bxf6 Bxf6 14. Qb3 Nf4 15. Ne2
Nxd3 0-1

[Event "AUTO-OPEN-207"]
[Site "http://www.queenalice.com/game.php?id=48489"]
[Date "2006.1.18"]
[Round "1"]
[White "razoman"]
[Black "Fibe"]
[Result "1-0"]
[WhiteElo "1900"]
[BlackElo "1286"]

1. e4 c5 2. Nf3 Nc6 3. Bc4 e6 4. d3 d5 5. exd5 exd5 6. Bb5 Nf6 7. Bxc6+ bxc6 8.
O-O Be7 9. h3 O-O 10. Bf4 Bd6 11. Bxd6 Qxd6 12. Nbd2 Re8 13. Re1 Bf5 14. Nh4 Bd7
15. Qf3 g6 16. Rad1 1-0

[Event "AUTO-OPEN-207"]
[Site "http://www.queenalice.com/game.php?id=48490"]
[Date "2006.1.18"]
[Round "1"]
[White "Fibe"]
[Black "RIVAS"]
[Result "0-1"]
[WhiteElo "1256"]
[BlackElo "1783"]

1. d4 d5 2. c4 c6 3. Nc3 Nf6 4. e3 Bg4 5. Nf3 e6 6. h3 Bh5 7. g4 Bg6 8. Ne5 Nbd7
9. Nxg6 hxg6 10. cxd5 exd5 11. Bg2 Bb4 12. Bd2 O-O 13. a3 Bd6 14. e4 dxe4 15.
O-O Re8 16. Re1 Qb6 17. Bc1 Qa5 18. Nxe4 Nxe4 19. Bxe4 Nf6 20. f3 Re6 21. Bd2
Qc7 0-1

[Event "AUTO-OPEN-207"]
[Site "http://www.queenalice.com/game.php?id=48491"]
[Date "2006.1.18"]
[Round "1"]
[White "RIVAS"]
[Black "Fibe"]
[Result "1-0"]
[WhiteElo "1781"]
[BlackElo "1286"]

1. e4 e5 2. f4 exf4 3. Nf3 d5 4. exd5 Qxd5 5. Nc3 Qh5 6. Qe2+ Be6 7. d4 Nf6 8.
Bxf4 Bd6 9. Bxd6 cxd6 10. Qb5+ Qxb5 11. Nxb5 Kd7 12. Bd3 Re8 13. O-O a6 14. Nc3
h6 15. Rae1 Nc6 16. Na4 Kc7 17. a3 b5 18. Nc3 d5 19. Ne5 1-0

[Event "Challenge"]
[Site "http://www.queenalice.com/game.php?id=50308"]
[Date "2006.1.31"]
[Round "-"]
[White "Fibe"]
[Black "paulchess10"]
[Result "0-1"]
[WhiteElo "1388"]
[BlackElo "1452"]

1. e4 c5 2. Nf3 d6 3. d4 cxd4 4. Nxd4 e5 5. Bb5+ Nd7 6. Nf5 Qa5+ 7. Nc3 Nf6 8.
Nxd6+ Bxd6 9. Qxd6 Nxe4 10. Bxd7+ Bxd7 11. Qd5 Qxd5 12. Nxd5 Rc8 13. f3 Nd6 14.
c3 Bb5 15. b3 Bc6 0-1

[Event "GDCX-Amistoso"]
[Site "http://www.queenalice.com/game.php?id=50372"]
[Date "2006.1.31"]
[Round "-"]
[White "Fibe"]
[Black "ebizzi"]
[Result "0-1"]
[WhiteElo "1258"]
[BlackElo "1627"]

1. e4 c5 2. Nf3 d6 3. d4 Nf6 4. Nc3 cxd4 5. Nxd4 a6 6. Be2 e5 7. Nf3 Be7 8. O-O
O-O 9. Re1 Nbd7 10. Bg5 b5 0-1

[Event "AUTO-OPEN-214"]
[Site "http://www.queenalice.com/game.php?id=50625"]
[Date "2006.2.1"]
[Round "1"]
[White "Fibe"]
[Black "beco"]
[Result "0-1"]
[WhiteElo "1256"]
[BlackElo "1993"]

1. d4 c6 2. c4 d5 3. Nc3 Nf6 4. e3 e6 5. Nf3 Nbd7 6. Bd3 dxc4 7. Bxc4 b5 8. Bb3
Be7 9. O-O Ba6 10. Re1 b4 11. Na4 c5 12. dxc5 Nxc5 13. Nxc5 Qxd1 14. Rxd1 Bxc5
15. Ba4+ Ke7 16. Ne5 Bb7 17. b3 Rhd8 18. Bb2 Rxd1+ 19. Rxd1 Rc8 20. Kf1 Bd6 21.
h3 Rc2 0-1

[Event "AUTO-OPEN-214"]
[Site "http://www.queenalice.com/game.php?id=50626"]
[Date "2006.2.1"]
[Round "1"]
[White "beco"]
[Black "Fibe"]
[Result "1-0"]
[WhiteElo "1993"]
[BlackElo "1000"]

1. e4 e6 2. d4 d5 3. Nd2 a6 4. Ngf3 c5 5. exd5 exd5 6. Be2 Nc6 7. O-O cxd4 8.
Re1 Be6 9. Bd3 Be7 10. Nb3 h6 11. Nfxd4 Nxd4 12. Nxd4 Nf6 13. Nxe6 fxe6 14. Bg6+
Kd7 15. Bf4 Qb6 16. Bf7 Ne4 17. Rxe4 1-0

[Event "AUTO-OPEN-214"]
[Site "http://www.queenalice.com/game.php?id=50627"]
[Date "2006.2.1"]
[Round "1"]
[White "Fibe"]
[Black "Marcelo_Araujo"]
[Result "0-1"]
[WhiteElo "1271"]
[BlackElo "1493"]

1. d4 Nf6 2. c4 d6 3. Nf3 g6 4. g3 Bg7 5. Bg2 O-O 6. O-O b6 7. b3 c5 8. Bb2 a5
9. d5 Bf5 10. Na3 Nbd7 11. Nh4 Bg4 12. h3 Bh5 13. g4 g5 14. Nf5 Bg6 15. Nxg7
Kxg7 16. Nb5 Re8 17. f4 h6 18. e4 Bxe4 19. Bxe4 Kf8 20. Qd3 e5 21. Nxd6 Re7 22.
Nf5 Nxe4 23. Nxe7 Qxe7 24. Qxe4 exf4 25. Qh7 Ke8 26. Rfe1 Qxe1+ 27. Rxe1+ Kd8
28. Qh8+ Kc7 29. Qxa8 f6 30. Bxf6 Nxf6 31. Qc6+ Kb8 32. Qxf6 Ka7 33. Re7+ Ka6
0-1

[Event "AUTO-OPEN-214"]
[Site "http://www.queenalice.com/game.php?id=50628"]
[Date "2006.2.1"]
[Round "1"]
[White "Marcelo_Araujo"]
[Black "Fibe"]
[Result "1-0"]
[WhiteElo "1485"]
[BlackElo "1286"]

1. d4 d5 2. Bf4 c5 3. e3 Nf6 4. c4 e6 5. Nf3 Be7 6. Be2 O-O 7. O-O b6 8. Nc3 Bb7
9. b3 Nbd7 10. cxd5 Nxd5 11. Nxd5 Bxd5 12. Qd3 Nf6 13. Bg5 h6 14. Bf4 Ne4 15.
Nd2 Nxd2 16. Qxd2 cxd4 17. Qxd4 Bf6 18. Qd3 Bxa1 19. Rxa1 Qf6 20. Rc1 Rfc8 21.
Rxc8+ Rxc8 22. h3 1-0